Statystyki dla 15 pytań o filmie „Harry Potter i Więzień Azkabanu”

Kliknij tutaj aby rozwiązać quiz!

Ogólne statystyki

  • Ten quiz został rozwiązany 767 razy
  • Średni wynik to 10 z 15

Statystyki odpowiedzi

HintOdpowiedź% Poprawnych
Jak nazywa się tytułowy więzień Azkabanu?Syriusz Black
95%
Co Lupin dał Harry’emu w pociągu po ataku dementora?Czekoladę
93%
Co było boginem Neville’a?Severus Snape
84%
Kim okazał się być Syriusz dla Harry’ego?Ojcem chrzestnym
80%
Jak ma na imię Hipogryf Hagrida?Hardodziob
78%
Kto nauczał opieki nad magicznymi stworzeniami?Rubeus Hagrid
77%
Co Harry dostał od Freda i George’a?Mapę Huncwotów
74%
Jakiego zaklęcia Lupin nauczał Harry’ego?Expecto Patronum
70%
Jak nazywa się najbardziej nawiedzony dom w Anglii?Wrzeszcząca Chata
68%
Jak nazywa się autobus, którym podróżował Harry?Błędny Rycerz
63%
Gdzie Weasley’owie pojechali na wakacje?Do Egiptu
60%
Jak nazywa się wioska obok Hogwartu?Hogsmeade
60%
Jak ma na imię ciotka, która przyjechała do Dursley’ów?Marge
60%
Jak brzmi zaklęcie zmieniające bogina w coś śmiesznego?Riddikulus
52%
Co zostało zniszczone podczas meczu Quidditcha?Miotła Harry’ego
20%

Rozkład punktacji

Percentyl według liczby udzielonych odpowiedzi

Procent ludzi z każdym wynikiem

Twoja historia wyników

Nie rozwiązałeś tego quizu